AFL Fantasy Hall of Fame - Statistics

General Stats
  • This quiz has been taken 52 times
  • The average score is 10 of 15
Answer Stats
Hint Club Player Games Average Score % Correct
2023 Marcus Bontempelli 23 117.0
98%
2020 Lachie Neale 17 98.0
95%
2017 Tom Mitchell 22 127.2
95%
2018 Tom Mitchell 22 129.2
95%
2023 Hary Sheezel 23 97.3
93%
2022 Nick Daicos 22 86.8
93%
2021 Touk Miller 21 122.1
90%
2021 Jack Steele 22 121.4
88%
2022 Rory Laird 20 120.4
85%
2019 Brodie Grundy 22 122.1
68%
2020 Caleb Serong 14 66.6
56%
2018 Tim Kelly 22 86.8
22%
2019 Reilly O'Brien 18 95.5
17%
2021 James Jordon 21 70.0
10%
2017 Nic Newman 18 86.6
7%
No matching quizzes found
Score Distribution
Percent of People with Each Score
Percentile by Number Answered
Your Score History
You have not taken this quiz